<?xml version="1.0" encoding="UTF-8"?>
<collection xmlns:xsi="http://www.w3.org/2001/XMLSchema-instance" xsi:schemaLocation="http://www.loc.gov/MARC21/slim http://www.loc.gov/standards/marcxml/schema/MARC21slim.xsd" xmlns="http://www.loc.gov/MARC21/slim">
 <record>
  <leader>00000cam a22000007i 4500</leader>
  <controlfield tag="001">UP-8027390931316279555</controlfield>
  <controlfield tag="003">Buklod</controlfield>
  <controlfield tag="005">20181012143912.0</controlfield>
  <controlfield tag="006">a     r    |||| u|</controlfield>
  <controlfield tag="007">ta</controlfield>
  <controlfield tag="008">150420r20151963njuabe  rb   |001 0|eng d</controlfield>
  <datafield tag="020" ind1=" " ind2=" ">
   <subfield code="a">9780691169736</subfield>
  </datafield>
  <datafield tag="035" ind1=" " ind2=" ">
   <subfield code="a">(iLib)UPMIN-00013675227</subfield>
  </datafield>
  <datafield tag="037" ind1=" " ind2=" ">
   <subfield code="a">CHSS-3176</subfield>
   <subfield code="b">Belview</subfield>
   <subfield code="n">5,630.00</subfield>
  </datafield>
  <datafield tag="040" ind1=" " ind2=" ">
   <subfield code="a">CDX</subfield>
   <subfield code="b">eng</subfield>
   <subfield code="c">CDX</subfield>
   <subfield code="e">rda</subfield>
   <subfield code="d">YDXCP</subfield>
   <subfield code="d">OCLCO</subfield>
   <subfield code="d">COO</subfield>
   <subfield code="d">GZM</subfield>
   <subfield code="d">KSU</subfield>
   <subfield code="d">NGU</subfield>
   <subfield code="d">OCLCF</subfield>
   <subfield code="d">ZCU</subfield>
   <subfield code="d">ORZ</subfield>
   <subfield code="d">OCLCA</subfield>
   <subfield code="d">DLC</subfield>
  </datafield>
  <datafield tag="042" ind1=" " ind2=" ">
   <subfield code="a">lccopycat</subfield>
  </datafield>
  <datafield tag="082" ind1="0" ind2="4">
   <subfield code="a">729</subfield>
   <subfield code="2">23</subfield>
  </datafield>
  <datafield tag="090" ind1=" " ind2="0">
   <subfield code="a">NA2541</subfield>
   <subfield code="b">O44 2015</subfield>
  </datafield>
  <datafield tag="100" ind1="1" ind2=" ">
   <subfield code="a">Olgyay, Victor</subfield>
   <subfield code="d">1910-1970</subfield>
   <subfield code="e">author.</subfield>
  </datafield>
  <datafield tag="245" ind1="1" ind2="0">
   <subfield code="a">Design with climate</subfield>
   <subfield code="b">bioclimatic approach to architectural regionalism</subfield>
   <subfield code="c">Victor Olgyay ; some chapters based on cooperative research with Aladar Olgyay ; with new essays by Donlyn Lyndon, Victor W. Olgyay, John Reynolds, and Ken Yeang.</subfield>
  </datafield>
  <datafield tag="246" ind1="3" ind2="0">
   <subfield code="a">Bioclimatic approach to architectural regionalism</subfield>
  </datafield>
  <datafield tag="250" ind1=" " ind2=" ">
   <subfield code="a">New and expanded edition.</subfield>
  </datafield>
  <datafield tag="300" ind1=" " ind2=" ">
   <subfield code="a">xx, 190 pages</subfield>
   <subfield code="b">illustrations, maps, plans</subfield>
   <subfield code="c">21 cm x 26 cm</subfield>
  </datafield>
  <datafield tag="500" ind1=" " ind2=" ">
   <subfield code="a">Originally published in 1963.</subfield>
  </datafield>
  <datafield tag="500" ind1=" " ind2=" ">
   <subfield code="a">&quot;2015 edition&quot;--Page v.</subfield>
  </datafield>
  <datafield tag="500" ind1=" " ind2=" ">
   <subfield code="a">RC Songcayaoun (Recommending faculty) AY2016-2017</subfield>
  </datafield>
  <datafield tag="504" ind1=" " ind2=" ">
   <subfield code="a">Includes bibliographical references (pages 186-188) and index.</subfield>
  </datafield>
  <datafield tag="505" ind1="0" ind2=" ">
   <subfield code="a">General introduction -- The bioclimatic approach -- Regional evaluation -- Climatic elements -- Site selection -- Sol-air orientation -- Solar control -- Environment and building forms -- Wind effects and air flow patterns -- Thermal effects of materials -- Heliothermic planning -- Examples in four regions.</subfield>
  </datafield>
  <datafield tag="520" ind1=" " ind2=" ">
   <subfield code="a">&quot;First published in 1963, Design with Climate was a groundbreaking book in the field of environmentally responsible design and remains an important reference for practitioners, teachers, and students over fifty years later. In this book, Victor Olgyay explores the impact of climate on shelter design, identifying four distinct climatic regions and explaining the effect of each on orientation, air movement, site, and materials. He derives principles from biology, engineering, meteorology, and physics, and demonstrates how an analytical approach to cliamte management can merge into a harmonious and humanistic design approach. This updated edition contains four new essays that provide unique insights on issues of cliamte design, showing how Olgyay's concepts work in contemporary practice. Donlyn Lyndon, Victor W. Olgyay, John Reynolds, and Ken Yeang explore bioclimatic design, eco design, and rational regionalism, while paying homage to Olgyay's impressive groundwork and contributions to the field of architecture&quot;--Back cover.</subfield>
  </datafield>
  <datafield tag="650" ind1="0" ind2="0">
   <subfield code="a">Architecture and climate.</subfield>
  </datafield>
  <datafield tag="650" ind1="0" ind2="0">
   <subfield code="a">Sustainable architecture.</subfield>
  </datafield>
  <datafield tag="650" ind1=" " ind2="0">
   <subfield code="a">Architecture and climate.</subfield>
  </datafield>
  <datafield tag="650" ind1=" " ind2="0">
   <subfield code="a">Sustainable architecture.</subfield>
  </datafield>
  <datafield tag="658" ind1=" " ind2=" ">
   <subfield code="a">Design with Nature: Tropical Design</subfield>
   <subfield code="c">ARCH185</subfield>
   <subfield code="2">BSA, College of Humanities and Social Sciences.</subfield>
  </datafield>
  <datafield tag="700" ind1="0" ind2=" ">
   <subfield code="a">Olgyay, Aladar</subfield>
   <subfield code="d">1910-1963.</subfield>
  </datafield>
  <datafield tag="700" ind1="0" ind2=" ">
   <subfield code="a">Lyndon, Donlyn</subfield>
   <subfield code="e">author.</subfield>
  </datafield>
  <datafield tag="700" ind1="0" ind2=" ">
   <subfield code="a">Olgyay, Victor W.</subfield>
   <subfield code="e">author.</subfield>
  </datafield>
  <datafield tag="700" ind1="0" ind2=" ">
   <subfield code="a">Reynolds, John</subfield>
   <subfield code="d">1938-</subfield>
   <subfield code="e">author.</subfield>
  </datafield>
  <datafield tag="700" ind1="0" ind2=" ">
   <subfield code="a">Yeang, Ken</subfield>
   <subfield code="d">1948-</subfield>
   <subfield code="e">author.</subfield>
  </datafield>
  <datafield tag="856" ind1="2" ind2=" ">
   <subfield code="3">Contributor biographical information</subfield>
   <subfield code="u">https://www.loc.gov/catdir/enhancements/fy1614/2015939336-b.html</subfield>
  </datafield>
  <datafield tag="856" ind1="2" ind2=" ">
   <subfield code="3">Publisher description</subfield>
   <subfield code="u">https://www.loc.gov/catdir/enhancements/fy1614/2015939336-d.html</subfield>
  </datafield>
  <datafield tag="856" ind1="1" ind2=" ">
   <subfield code="3">Table of contents only</subfield>
   <subfield code="u">https://www.loc.gov/catdir/enhancements/fy1614/2015939336-t.html</subfield>
  </datafield>
  <datafield tag="905" ind1=" " ind2=" ">
   <subfield code="a">FO</subfield>
  </datafield>
  <datafield tag="852" ind1="0" ind2=" ">
   <subfield code="a">UPMIN</subfield>
   <subfield code="b">UPMIN-MAIN</subfield>
   <subfield code="h">NA2541</subfield>
   <subfield code="i">.O44 2015</subfield>
  </datafield>
  <datafield tag="942" ind1=" " ind2=" ">
   <subfield code="a">Book</subfield>
  </datafield>
 </record>
</collection>
